000 01598nam a2200337 a 4500
005 20241202091239.0
008 100311s2012||||mx a f |||| 001 0 spa d
020 _a9781456263560
041 _aspa
092 _c615
_l8
_sBRU
100 1 _aBrunton, Laurence L.
_eEd.
_9555
245 _aGoodman & Gilman.
_bLas bases farmacológicas de la terapéutica /
_cLaurence L. Brunton
250 _a13a ed.
_bTraducción Carlos Timossi Baldi
260 _aMéxico:
_bMcGraw-Hill Interamericana;
_c2019.
300 _a1419 p.
500 _aBrunton, L., Randa H. D. y Knollmann, B. (Eds). (2019). Goodman & Gilman. Las bases farmacológicas de la terapéutica. (13a ed.). México : McGraw-Hill Interamericana.
653 _aPrincipios generales
653 _aNeurofarmacología
653 _aModulación de las funciones cardiovasculares
653 _aInflamación, inmunomodelación y hematopoyesis
653 _aHormonas y antagonistas hormonales
653 _aFármacos que modifican la función gastrointestinal
653 _aQuimioterapia de las enfermedades microbianas
653 _aTratamiento farmacológico de las enfermedades neoplásicas
653 _aFarmacología de aparatos y sistemas especiales
653 _aApéndice I: Principios de la redacción de prescripciones médicas (recetas) e instrumentos para el apego del paciente a la prescripción
653 _aApéndice II: Diseño y optimización de regímenes posológicos: datos farmacocinéticos
700 1 _aRanda, Hilal-Dandan
_91956
_eEd.
700 1 _aKnollmann, Björn C.
_91957
_eEd.
942 _2ddc
_cBK
_05
999 _c3130
_d3130